Reconnaissance for radioactive deposits in eastern Alaska, 1952, (Record no. 28959)
[ view plain ]
| 000 -LEADER | |
|---|---|
| fixed length control field | 00900cam a22002651 4500 |
| 001 - CONTROL NUMBER | |
| control field | gs 55000208 |
| 003 - CONTROL NUMBER IDENTIFIER | |
| control field | DLC |
| 005 - DATE AND TIME OF LATEST TRANSACTION | |
| control field | 20260227111403.0 |
| 008 - FIXED-LENGTH DATA ELEMENTS--GENERAL INFORMATION | |
| fixed length control field | 770317s1954 dcuab b f00010 eng c |
| 010 ## - LIBRARY OF CONGRESS CONTROL NUMBER | |
| LC control number | gs 55000208 //r862 |
| 040 ## - CATALOGING SOURCE | |
| Original cataloging agency | U.S. Geol. Survey. Libr. |
| Transcribing agency | ak |
| 043 ## - GEOGRAPHIC AREA CODE | |
| Geographic area code | n-us-ak |
| 050 0# - LIBRARY OF CONGRESS CALL NUMBER | |
| Classification number | QE75 |
| Item number | .C5 no. 348 |
| 051 ## - LIBRARY OF CONGRESS COPY, ISSUE, OFFPRINT STATEMENT | |
| Classification number | QE83 |
| Item number | .N4 |
| Copy information | Copy 2. |
| 082 ## - DEWEY DECIMAL CLASSIFICATION NUMBER | |
| Classification number | 553.49 |
| 100 10 - MAIN ENTRY--PERSONAL NAME | |
| Personal name | Nelson, Arthur E. |
| Fuller form of name | (Arthur Edward), |
| Dates associated with a name | 1922- |
| 245 00 - TITLE STATEMENT | |
| Title | Reconnaissance for radioactive deposits in eastern Alaska, 1952, |
| Statement of responsibility, etc. | by Arthur E. Nelson, Walter S. West, and John J. Matzko. |
| 260 0# - PUBLICATION, DISTRIBUTION, ETC. | |
| Place of publication, distribution, etc. | Washington, |
| Date of publication, distribution, etc. | 1954. |
| 300 ## - PHYSICAL DESCRIPTION | |
| Extent | ii, 21 p. |
| Other physical details | maps, tables. |
| Dimensions | 27 cm. |
| 490 1# - SERIES STATEMENT | |
| Series statement | United States. Geological Survey. Circular |
| Volume/sequential designation | 348 |
| 504 ## - BIBLIOGRAPHY, ETC. NOTE | |
| Bibliography, etc. note | "Literature cited": p. 21. |
| 650 #0 - SUBJECT ADDED ENTRY--TOPICAL TERM | |
| Topical term or geographic name entry element | Geology |
| Geographic subdivision | Alaska. |
| 650 #0 - SUBJECT ADDED ENTRY--TOPICAL TERM | |
| Topical term or geographic name entry element | Mines and mineral resources |
| Geographic subdivision | Alaska. |
| 830 #0 - SERIES ADDED ENTRY--UNIFORM TITLE | |
| Uniform title | Geological Survey circular ; |
| Volume/sequential designation | 348. |
No items available.